000 01150nam a22002777a 4500
003 DO-SdBPM
005 20260127095814.0
007 ta
008 171123b 2019 us a |||| |||| 00| 0 spa d
040 _a DO-SdBPM
_bspa
_cBPMSU
_erda
082 4 _a220.256
_bB582t 2019
_222
245 0 3 _a La biblia. Traducción del nuevo mundo :
_b traducidas de la versión en inglés (edición 2013 ) en el proceso de traducción se consultaron los idiomas originales /
_c traductor
264 _aNew York :
_bWatchtower Bible and Tract Society of New York,
_c2019
300 _a1893 páginas :
_bilustraciones ;
_c20 cm.
336 _atexto
_btxt
_2rdacontent
337 _asin mediación
_bn
_2rdamedia
338 _avolumen
_bnc
_2rdacarrier
500 _aEsta publicación se distribuye como parte de la obra mundial de educación bíblica que realizan los testigos de Jehová
590 _aInventariado, 2026/VM
590 _6Inventariado, 2026/VM
630 0 7 _aLa Biblia.
650 7 _aInterpretación de la Biblia.
710 2 _aWatchtower Bible and Tract Society of New York,
910 _aVMateo V. Control de calidad. BPMSU
942 _2ddc
_cBK
999 _c15628
_d15628